[Event "GER-ch U12"]
[Site "Willingen"]
[Date "2024.05.25"]
[Round "9"]
[White "Doeding, Alexander"]
[Black "Prashanthakumar, Arnesh"]
[Result "1-0"]
[WhiteElo "1633"]
[BlackElo "1634"]
[PlyCount "53"]
[EventDate "2024.05.19"]
[EventType "swiss"]
[EventRounds "9"]
[EventCountry "GER"]
[SourceTitle "CBM 220 Extra"]
[Source "ChessBase"]
[SourceDate "2024.07.31"]
[SourceVersion "1"]
[SourceVersionDate "2024.07.31"]
[SourceQuality "1"]

1. e4 e5 2. Bc4 Nf6 3. d4 exd4 4. Nf3 Bc5 5. 0-0 0-0 6. e5 d5 7. exf6 dxc4 8. fxg7 Re8 9. Ng5 Bf5 10. Nxf7 Kxf7 11. Qh5+ Bg6 12. Qxc5 Nc6 13. Qxc4+ Kxg7 14. Bd2 Qd6 15. Na3 Ne5 16. Qb3 d3 17. Nc4 Nxc4 18. Qxc4 Rac8 19. Bc3+ Kf8 20. Rad1 Red8 21. Rfe1 Bf7 22. Qg4 Qg6 23. Qh4 Bd5 24. g3 Qf7 25. Rxd3 Rd6 26. Rde3 Rd7 27. Bf6 1-0

[Event "GER-ch U12"]
[Site "Willingen"]
[Date "2024.05.23"]
[Round "7"]
[White "Doeding, Alexander"]
[Black "Obermair, Hannes"]
[Result "0-1"]
[WhiteElo "1633"]
[BlackElo "1668"]
[PlyCount "100"]
[EventDate "2024.05.19"]
[EventType "swiss"]
[EventRounds "9"]
[EventCountry "GER"]
[SourceTitle "CBM 220 Extra"]
[Source "ChessBase"]
[SourceDate "2024.07.31"]
[SourceVersion "1"]
[SourceVersionDate "2024.07.31"]
[SourceQuality "1"]

1. e4 c5 2. c3 Nf6 3. e5 Nd5 4. Nf3 Nc6 5. Bc4 Nb6 6. Bb3 d6 7. exd6 e6 8. 0-0 Bxd6 9. d4 cxd4 10. cxd4 0-0 11. Nc3 Be7 12. Bf4 Bf6 13. Nb5 a6 14. Nd6 Be7 15. Ne4 Nd5 16. Bg3 b6 17. a3 Bb7 18. Bc2 Nf6 19. Qd3 Nxe4 20. Qxe4 g6 21. Rad1 Na5 22. Qf4 Bf6 23. Ne5 Bg7 24. Ng4 Rc8 25. Bb1 Nc4 26. Nh6+ Bxh6 27. Qxh6 Nxb2 28. Rde1 Nc4 29. Bh4 Qxd4 30. Be4 Bxe4 31. Rxe4 Qg7 32. Qf4 e5 33. Qg3 f5 34. Re2 h6 35. f4 exf4 36. Qd3 g5 37. Bf2 b5 38. Rfe1 Rcd8 39. Qf3 Nd2 40. Qc6 Rf6 41. Re6 Rxe6 42. Rxe6 Ne4 43. g4 Qa1+ 44. Kg2 f3+ 45. Kxf3 Qd1+ 46. Kg2 Qxg4+ 47. Bg3 Rd2+ 48. Kf1 Qd1+ 49. Be1 Qe2+ 50. Kg1 Qg2# 0-1

[Event "GER-ch U12"]
[Site "Willingen"]
[Date "2024.05.22"]
[Round "5"]
[White "Meijers, Janis1"]
[Black "Doeding, Alexander"]
[Result "1-0"]
[WhiteElo "1787"]
[BlackElo "1633"]
[PlyCount "49"]
[EventDate "2024.05.19"]
[EventType "swiss"]
[EventRounds "9"]
[EventCountry "GER"]
[SourceTitle "CBM 220 Extra"]
[Source "ChessBase"]
[SourceDate "2024.07.31"]
[SourceVersion "1"]
[SourceVersionDate "2024.07.31"]
[SourceQuality "1"]

1. d4 d5 2. c4 dxc4 3. e3 e6 4. Bxc4 a6 5. Nc3 b5 6. Bd3 Bb7 7. Nf3 Nd7 8. 0-0 c5 9. Be4 Qb6 10. a3 Ngf6 11. Bxb7 Qxb7 12. dxc5 Bxc5 13. b4 Ba7 14. Bb2 0-0 15. e4 Nb6 16. e5 Nfd5 17. Qd3 Nxc3 18. Bxc3 h6 19. Nd2 Nd5 20. Bb2 Rfd8 21. Qf3 Rac8 22. Ne4 Ne7 23. Nf6+ gxf6 24. Qxb7 Nc6 25. Rac1 1-0

[Event "GER-ch Amateurs"]
[Site "Bad Wildungen"]
[Date "2024.??.??"]
[Round "3"]
[White "Lopez Fuertes, Victor"]
[Black "Doeding, Alexander"]
[Result "0-1"]
[WhiteElo "1765"]
[BlackElo "1588"]
[PlyCount "52"]
[EventDate "2024.08.03"]
[EventType "swiss"]
[EventRounds "5"]
[EventCountry "GER"]
[SourceTitle "CBM 221 Extra"]
[Source "ChessBase"]
[SourceDate "2024.09.30"]
[SourceVersion "1"]
[SourceVersionDate "2024.09.30"]
[SourceQuality "1"]

1. e4 g6 2. d4 Bg7 3. Nf3 d6 4. h3 c5 5. c3 cxd4 6. Nxd4 Nd7 7. Nb3 Ngf6 8. Bd3 0-0 9. Qe2 b6 10. Bf4 Bb7 11. N1d2 Rc8 12. Ba6 Qc7 13. Bxb7 Qxb7 14. 0-0 Nc5 15. Rfe1 d5 16. e5 Nfe4 17. Rab1 f6 18. Nxc5 Nxc5 19. exf6 Bxf6 20. Be5 Qc6 21. Nb3 Bxe5 22. Qxe5 Nd3 23. Qe6+ Qxe6 24. Rxe6 Rxf2 25. Rxe7 Rxb2 26. Rxa7 Rxb1+ 0-1

[Event "GER-ch Amateurs"]
[Site "Bad Wildungen"]
[Date "2024.??.??"]
[Round "5"]
[White "Reuter, Marek1"]
[Black "Doeding, Alexander"]
[Result "1-0"]
[WhiteElo "1761"]
[BlackElo "1588"]
[PlyCount "101"]
[EventDate "2024.08.03"]
[EventType "swiss"]
[EventRounds "5"]
[EventCountry "GER"]
[SourceTitle "CBM 221 Extra"]
[Source "ChessBase"]
[SourceDate "2024.09.30"]
[SourceVersion "1"]
[SourceVersionDate "2024.09.30"]
[SourceQuality "1"]

1. e4 g6 2. d4 Bg7 3. Nc3 d6 4. Bg5 a6 5. Qd2 b5 6. h4 h6 7. Be3 Nf6 8. f3 Nbd7 9. g4 Bb7 10. Bh3 Nb6 11. b3 Nfd7 12. Nge2 e6 13. Bg2 Qe7 14. Ng3 c5 15. Kf2 c4 16. Rac1 b4 17. Nce2 c3 18. Qd3 a5 19. a4 Ba6 20. Qd1 0-0-0 21. Qg1 d5 22. e5 Rhf8 23. g5 hxg5 24. hxg5 Rh8 25. Bh3 Kb7 26. Qg2 Nxe5 27. dxe5 Bxe5 28. f4 Bg7 29. Bd4 e5 30. fxe5 Rhe8 31. Nf4 Bxe5 32. Bxe5 Qxe5 33. Qf3 Qd4+ 34. Kg2 Re3 35. Rcd1 Qe5 36. Qg4 Re8 37. Kf2 f5 38. gxf6 g5 39. Nfh5 Be2 40. Qd4 Rf3+ 41. Kg2 Qxd4 42. Rxd4 Rfe3 43. Bg4 Bxg4 44. Rxg4 R3e5 45. Rf1 Rf8 46. Rf5 Rxf5 47. Nxf5 Nd7 48. Ne7 Nxf6 49. Nxf6 Rxf6 50. Nxd5 Kc6 51. Nxf6 1-0